=LDR 00000nam 2200000 4500 =001 INLIS000000000039506 =005 20230525080336 =035 ##$$a 0010-061300000039506 =008 230525###########################0###### =041 ##$$a Ind =082 ##$$a 364.15 =090 ##$$a 364.15, Pal a =100 ##$$a Pelzer, Richard B =245 1#$$a A Brother's Journey : $b Bertahan Dari Siksaan Masa Kecil /$c Richard B.Pelzer ; Alih Bahasa, Fahny Yamani =260 ##$$a Jakarta :$b Gramedia Pustaka Utama,$c 2005 =300 ##$$a 272 Hlm, ; $c 20 cm =700 #$$a Yamani, Fahmy =850 ##$$a NBPNMAT =020 ##$$a 979-22-1365-1 =084 ##$$a 364.15 PEL a =990 ##$$a 21106325 =990 ##$$a 21106326 =990 ##$$a 21106327